Portland Trail Blazers 2025-2026 Roster - Statistics

General Stats
  • This quiz has been taken 32 times
  • The average score is 11 of 17
Answer Stats
# Player Position % Correct
00 Scoot Henderson PG
96%
35 Robert Williams III C
92%
17 Shaedon Sharpe SG
92%
33 Toumani Camara F/PF
88%
23 Donovan Clingan C
83%
9 Jermai Grant F
75%
5 Jrue Holiday PG/SG
71%
2 Caleb Love PG/SG
63%
16 Yang Hansen C
63%
91 Sidy Cissoko PG
58%
24 Kris Murray F
54%
4 Matisse Thybulle SG
54%
1 Blake Wesley PG/SG
50%
26 Duop Reath C
46%
21 Rayan Rupert SG
38%
8 Den Advija F/PF
29%
18 Javonte Cooke PG/SG
25%
No matching quizzes found
Score Distribution
Percent of People with Each Score
Percentile by Number Answered
Your Score History
You have not taken this quiz